[Event "DEM U10w 2021"]
[Site "Willingen GER"]
[Date "2021.08.28"]
[Round "10"]
[White "Zhou, Leyi Charlotte"]
[Black "Will, Elina"]
[Result "0-1"]
[Termination "normal"]
[Board "5"]
[WhiteElo "1100"]
[BlackElo "1181"]
[WhiteClock "00:08:49"]
[BlackClock "00:15:39"]
[PlyCount "164"]
[WhiteFideId "16258100"]
[BlackFideId "34623434"]
[EventCountry "GER"]
[EventRounds "11"]
[EventType "swiss"]
[EventDate "2021.08.22"]

1. e4 {[%clk 01:15:58]} {[%emt 00:00:02]} c5 {[%clk 01:15:55]} {[%emt
00:00:06]} 2. Nf3 {[%clk 01:16:16]} {[%emt 00:00:11]} Nc6 {[%clk 01:16:13]}
{[%emt 00:00:12]} 3. c4 {[%clk 01:16:36]} {[%emt 00:00:10]} e5 {[%clk
01:16:10]} {[%emt 00:00:33]} 4. Be2 {[%clk 01:16:49]} {[%emt 00:00:17]} Nf6
{[%clk 01:15:40]} {[%emt 00:01:00]} 5. Nc3 {[%clk 01:16:16]} {[%emt 00:01:03]}
Be7 {[%clk 01:15:02]} {[%emt 00:01:07]} 6. d3 {[%clk 01:16:15]} {[%emt
00:00:31]} O-O {[%clk 01:12:57]} {[%emt 00:02:36]} 7. O-O {[%clk 01:16:34]}
{[%emt 00:00:11]} d6 {[%clk 01:12:07]} {[%emt 00:01:19]} 8. h3 {[%clk
01:16:36]} {[%emt 00:00:28]} Qd7 {[%clk 01:10:37]} {[%emt 00:02:00]} 9. Re1
{[%clk 01:11:25]} {[%emt 00:05:41]} Rd8 {[%emt 00:03:27]} 10. Be3 {[%clk
01:09:32]} {[%emt 00:00:17]} Nd4 {[%clk 01:08:48]} {[%emt 00:01:28]} 11. a3
{[%clk 01:09:13]} {[%emt 00:00:50]} Nxe2+ {[%clk 01:02:26]} {[%emt 00:06:51]}
12. Rxe2 {[%clk 01:09:23]} {[%emt 00:00:21]} b6 {[%clk 01:02:06]} {[%emt
00:00:51]} 13. b4 {[%clk 01:09:27]} {[%emt 00:00:25]} Bb7 {[%clk 01:01:17]}
{[%emt 00:01:18]} 14. Rea2 {[%clk 01:06:49]} {[%emt 00:03:08]} h6 {[%clk
00:51:17]} {[%emt 00:10:30]} 15. Nh4 {[%clk 01:05:12]} {[%emt 00:02:07]} Nxe4
{[%clk 00:47:17]} {[%emt 00:04:30]} 16. dxe4 {[%clk 01:00:12]} {[%emt
00:05:30]} Bxh4 {[%clk 00:47:30]} {[%emt 00:00:18]} 17. Nd5 {[%clk 00:59:32]}
{[%emt 00:01:10]} Bxd5 {[%clk 00:45:15]} {[%emt 00:02:45]} 18. Qxd5 {[%clk
00:57:57]} {[%emt 00:02:05]} Qe6 {[%clk 00:43:46]} {[%emt 00:01:58]} 19. Qd3
{[%clk 00:56:19]} {[%emt 00:02:08]} Bg5 {[%clk 00:40:07]} {[%emt 00:04:09]} 20.
b5 {[%clk 00:53:08]} {[%emt 00:03:42]} Bxe3 {[%clk 00:38:34]} {[%emt 00:02:02]}
21. fxe3 {[%clk 00:53:11]} {[%emt 00:00:28]} a5 {[%clk 00:34:04]} {[%emt
00:05:00]} 22. a4 {[%clk 00:53:18]} {[%emt 00:00:23]} Rac8 {[%clk 00:32:01]}
{[%emt 00:02:33]} 23. Rd2 {[%clk 00:52:52]} {[%emt 00:00:56]} f6 {[%clk
00:27:51]} {[%emt 00:04:39]} 24. Rad1 {[%clk 00:52:54]} {[%emt 00:00:29]} Rc7
{[%clk 00:23:10]} {[%emt 00:05:10]} 25. Kf2 {[%clk 00:52:31]} {[%emt 00:00:53]}
Kh7 {[%clk 00:19:03]} {[%emt 00:04:38]} 26. g4 {[%clk 00:52:05]} {[%emt
00:00:55]} h5 {[%clk 00:15:13]} {[%emt 00:04:20]} 27. Kg3 {[%clk 00:51:34]}
{[%emt 00:01:01]} hxg4 {[%clk 00:11:46]} {[%emt 00:03:57]} 28. hxg4 {[%clk
00:51:48]} {[%emt 00:00:16]} Kg6 {[%clk 00:09:29]} {[%emt 00:02:47]} 29. Qf1
{[%clk 00:51:45]} {[%emt 00:00:33]} Rcd7 {[%clk 00:09:05]} {[%emt 00:00:55]}
30. Qh1 {[%clk 00:51:40]} {[%emt 00:00:34]} Kf7 {[%clk 00:08:44]} {[%emt
00:00:52]} 31. Qh3 {[%clk 00:51:25]} {[%emt 00:00:45]} Qxc4 {[%clk 00:08:05]}
{[%emt 00:01:09]} 32. Qh5+ {[%clk 00:47:28]} {[%emt 00:04:27]} Ke7 {[%clk
00:08:11]} {[%emt 00:00:23]} 33. Qh7 {[%clk 00:44:54]} {[%emt 00:03:04]} Qg8
{[%clk 00:08:15]} {[%emt 00:00:26]} 34. Qf5 {[%clk 00:43:43]} {[%emt 00:01:42]}
g6 {[%clk 00:08:06]} {[%emt 00:00:38]} 35. Qf3 {[%clk 00:43:31]} {[%emt
00:00:43]} Qc4 {[%clk 00:07:36]} {[%emt 00:01:00]} 36. Ra1 {[%clk 00:43:35]}
{[%emt 00:00:26]} Qc3 {[%clk 00:07:32]} {[%emt 00:00:33]} 37. Rdd1 {[%clk
00:43:49]} {[%emt 00:00:16]} Rh8 {[%clk 00:07:20]} {[%emt 00:00:40]} 38. Rf1
{[%clk 00:43:32]} {[%emt 00:00:50]} Rf8 {[%clk 00:07:20]} {[%emt 00:00:30]} 39.
g5 {[%clk 00:39:23]} {[%emt 00:04:38]} f5 {[%clk 00:06:57]} {[%emt 00:00:53]}
40. exf5 {[%clk 00:38:58]} {[%emt 00:00:55]} Rxf5 {[%clk 00:07:06]} {[%emt
00:00:20]} 41. Qg4 {[%clk 00:25:34]} {[%emt 00:13:56]} Qxe3+ {[%clk 00:07:12]}
{[%emt 00:00:24]} 42. Kh4 {[%clk 00:22:42]} {[%emt 00:03:22]} Rf4 {[%clk
00:07:16]} {[%emt 00:00:26]} 43. Rxf4 {[%clk 00:22:23]} {[%emt 00:00:48]} exf4
{[%clk 00:07:05]} {[%emt 00:00:41]} 44. Rf1 {[%clk 00:20:28]} {[%emt 00:02:25]}
Qg3+ {[%clk 00:07:15]} {[%emt 00:00:20]} 45. Qxg3 {[%clk 00:20:18]} {[%emt
00:00:41]} fxg3 {[%clk 00:07:39]} {[%emt 00:00:05]} 46. Kxg3 {[%clk 00:20:35]}
{[%emt 00:00:13]} c4 {[%clk 00:07:57]} {[%emt 00:00:12]} 47. Kf3 {[%clk
00:19:56]} {[%emt 00:01:10]} d5 {[%clk 00:08:01]} {[%emt 00:00:26]} 48. Ke3
{[%clk 00:20:04]} {[%emt 00:00:21]} Ke6 {[%clk 00:07:21]} {[%emt 00:01:11]} 49.
Kd4 {[%clk 00:20:25]} {[%emt 00:00:09]} Rf7 {[%clk 00:07:19]} {[%emt 00:00:32]}
50. Re1+ {[%clk 00:19:54]} {[%emt 00:01:00]} Kd6 {[%clk 00:07:42]} {[%emt
00:00:08]} 51. Re8 {[%clk 00:18:07]} {[%emt 00:02:17]} Re7 {[%clk 00:07:20]}
{[%emt 00:00:52]} 52. Rd8+ {[%clk 00:16:47]} {[%emt 00:01:49]} Rd7 {[%clk
00:07:43]} {[%emt 00:00:07]} 53. Rg8 {[%clk 00:16:32]} {[%emt 00:00:46]} Kc7
{[%clk 00:04:04]} {[%emt 00:04:08]} 54. Rxg6 {[%clk 00:16:29]} {[%emt
00:00:33]} Kb7 {[%clk 00:02:48]} {[%emt 00:01:47]} 55. Rf6 {[%clk 00:16:05]}
{[%emt 00:00:54]} Rc7 {[%clk 00:01:35]} {[%emt 00:01:43]} 56. g6 {[%clk
00:15:22]} {[%emt 00:01:13]} c3 {[%clk 00:01:49]} {[%emt 00:00:16]} 57. Rc6
{[%clk 00:13:49]} {[%emt 00:02:02]} c2 {[%clk 00:01:57]} {[%emt 00:00:22]} 58.
g7 {[%clk 00:13:37]} {[%emt 00:00:43]} Rxg7 {[%clk 00:01:47]} {[%emt 00:00:40]}
59. Rxc2 {[%clk 00:13:59]} {[%emt 00:00:08]} Rg4+ {[%clk 00:01:44]} {[%emt
00:00:32]} 60. Kxd5 {[%clk 00:11:41]} {[%emt 00:02:48]} Rxa4 {[%clk 00:02:02]}
{[%emt 00:00:11]} 61. Rb2 {[%clk 00:04:59]} {[%emt 00:07:13]} Rg4 {[%clk
00:01:24]} {[%emt 00:01:09]} 62. Kd6 {[%clk 00:03:24]} {[%emt 00:02:05]} Rb4
{[%clk 00:01:36]} {[%emt 00:00:18]} 63. Ra2 {[%clk 00:02:13]} {[%emt 00:01:41]}
Rxb5 {[%clk 00:01:45]} {[%emt 00:00:21]} 64. Ra3 {[%clk 00:02:28]} {[%emt
00:00:15]} Rb4 {[%clk 00:01:31]} {[%emt 00:00:43]} 65. Kd5 {[%clk 00:02:40]}
{[%emt 00:00:18]} a4 {[%clk 00:01:18]} {[%emt 00:00:44]} 66. Ra2 {[%clk
00:02:50]} {[%emt 00:00:19]} b5 {[%clk 00:01:27]} {[%emt 00:00:22]} 67. Kc5
{[%clk 00:03:10]} {[%emt 00:00:10]} Rb3 {[%clk 00:01:49]} {[%emt 00:00:08]} 68.
Rh2 {[%clk 00:15:20]} {[%emt 00:03:19]} a3 {[%clk 00:16:30]} {[%emt 00:00:49]}
69. Rh7+ {[%clk 00:15:38]} {[%emt 00:00:12]} Ka6 {[%clk 00:16:27]} {[%emt
00:00:33]} 70. Rh6+ {[%clk 00:16:01]} {[%emt 00:00:07]} Ka5 {[%clk 00:16:24]}
{[%emt 00:00:33]} 71. Rh8 {[%clk 00:16:13]} {[%emt 00:00:18]} Rc3 {[%clk
00:16:34]} {[%emt 00:00:20]} 72. Kd4 {[%clk 00:16:19]} {[%emt 00:00:24]} Kb4
{[%clk 00:16:29]} {[%emt 00:00:35]} 73. Ra8 {[%clk 00:15:10]} {[%emt 00:01:39]}
Kb3 {[%clk 00:15:02]} {[%emt 00:01:57]} 74. Ra5 {[%clk 00:15:04]} {[%emt
00:00:36]} b4 {[%clk 00:15:14]} {[%emt 00:00:18]} 75. Ra6 {[%clk 00:14:17]}
{[%emt 00:01:17]} a2 {[%clk 00:15:29]} {[%emt 00:00:15]} 76. Ra5 {[%clk
00:10:24]} {[%emt 00:04:23]} Kb2 {[%clk 00:15:27]} {[%emt 00:00:32]} 77. Rb5
{[%clk 00:08:53]} {[%emt 00:02:02]} a1=Q {[%clk 00:15:47]} {[%emt 00:00:09]}
78. Rxb4+ {[%clk 00:09:12]} {[%emt 00:00:11]} Rb3 {[%clk 00:16:08]} {[%emt
00:00:09]} 79. Rc4 {[%clk 00:09:17]} {[%emt 00:00:25]} Ka3+ {[%clk 00:16:08]}
{[%emt 00:00:30]} 80. Kd5 {[%clk 00:09:13]} {[%emt 00:00:35]} Qe1 {[%clk
00:16:00]} {[%emt 00:00:37]} 81. Re4 {[%clk 00:09:11]} {[%emt 00:00:32]} Rd3+
{[%clk 00:16:13]} {[%emt 00:00:17]} 82. Rd4 {[%clk 00:08:49]} {[%emt 00:00:53]}
Qc3 {[%clk 00:15:39]} {[%emt 00:01:04]} 0-1

[Event "DEM U10w 2021"]
[Site "Willingen GER"]
[Date "2021.08.28"]
[Round "10"]
[White "Baihaghi, Aryana"]
[Black "Dominick, Johanna"]
[Result "1/2-1/2"]
[Termination "normal"]
[Board "6"]
[WhiteElo "1265"]
[BlackElo "936"]
[WhiteClock "00:31:15"]
[BlackClock "01:09:16"]
[PlyCount "76"]
[WhiteFideId "34604960"]
[BlackFideId "16296532"]
[EventCountry "GER"]
[EventRounds "11"]
[EventType "swiss"]
[EventDate "2021.08.22"]

1. e4 {[%clk 01:15:58]} d5 {[%clk 01:15:47]} {[%emt 00:00:14]} 2. exd5 {[%clk
01:16:21]} {[%emt 00:00:06]} Qxd5 {[%clk 01:16:13]} {[%emt 00:00:04]} 3. Nc3
{[%clk 01:16:41]} {[%emt 00:00:11]} Qa5 {[%clk 01:16:36]} {[%emt 00:00:06]} 4.
d4 {[%clk 01:17:06]} {[%emt 00:00:05]} c6 {[%clk 01:17:02]} {[%emt 00:00:05]}
5. Nf3 {[%clk 01:17:10]} {[%emt 00:00:26]} Bf5 {[%clk 01:17:25]} 6. Bd2 {[%clk
01:16:02]} {[%emt 00:01:45]} Qc7 {[%clk 01:17:46]} 7. Bc4 {[%clk 01:15:32]}
{[%emt 00:01:08]} e6 {[%clk 01:18:07]} 8. Qe2 {[%clk 01:15:30]} {[%emt
00:00:42]} Nf6 {[%clk 01:18:29]} 9. O-O-O {[%clk 01:14:42]} {[%emt 00:01:25]}
Nbd7 {[%clk 01:18:31]} 10. Nh4 {[%clk 01:13:49]} {[%emt 00:01:45]} Bg4 {[%clk
01:18:39]} 11. f3 {[%clk 01:13:19]} {[%emt 00:01:29]} Bh5 {[%clk 01:19:02]} 12.
Kb1 {[%clk 01:11:04]} {[%emt 00:02:51]} Be7 {[%emt 00:03:19]} 13. g3 b5 {[%clk
01:18:53]} 14. Bb3 {[%clk 01:07:29]} {[%emt 00:02:25]} a5 {[%clk 01:18:48]}
{[%emt 00:00:36]} 15. a3 {[%clk 01:06:34]} {[%emt 00:01:24]} b4 {[%clk
01:18:30]} {[%emt 00:00:49]} 16. axb4 {[%clk 01:02:25]} {[%emt 00:04:38]} axb4
{[%emt 00:00:08]} 17. Na4 {[%emt 00:00:48]} O-O {[%clk 01:15:17]} {[%emt
00:02:48]} 18. Bf4 {[%clk 00:56:51]} {[%emt 00:06:03]} Bd6 {[%clk 01:14:39]}
{[%emt 00:01:08]} 19. Bxd6 {[%clk 00:55:53]} {[%emt 00:01:28]} Qxd6 {[%clk
01:14:52]} {[%emt 00:00:17]} 20. g4 {[%clk 00:53:30]} {[%emt 00:02:53]} Bg6
{[%clk 01:15:04]} {[%emt 00:00:17]} 21. g5 {[%clk 00:50:45]} {[%emt 00:03:15]}
Nh5 {[%clk 01:14:17]} {[%emt 00:01:13]} 22. Nxg6 {[%clk 00:49:00]} {[%emt
00:02:20]} hxg6 {[%clk 01:12:52]} {[%emt 00:01:55]} 23. c4 {[%clk 00:45:08]}
{[%emt 00:04:21]} bxc3 {[%clk 01:12:48]} {[%emt 00:00:18]} 24. Nxc3 {[%clk
00:43:58]} {[%emt 00:01:56]} Rfb8 {[%clk 01:12:55]} {[%emt 00:00:21]} 25. Qc2
{[%clk 00:43:12]} {[%emt 00:01:18]} Qc7 {[%clk 01:11:27]} {[%emt 00:01:55]} 26.
d5 {[%clk 00:39:38]} {[%emt 00:04:09]} Qa7 {[%clk 01:11:30]} {[%emt 00:00:26]}
27. Ba4 {[%clk 00:38:22]} {[%emt 00:01:46]} cxd5 {[%clk 01:11:40]} {[%emt
00:00:20]} 28. Rhe1 {[%clk 00:36:06]} {[%emt 00:02:45]} Nc5 {[%clk 01:11:39]}
{[%emt 00:00:32]} 29. Rd4 {[%clk 00:35:52]} {[%emt 00:00:44]} Nxa4 {[%clk
01:11:59]} {[%emt 00:00:10]} 30. Rxa4 {[%clk 00:35:46]} {[%emt 00:00:36]} Qe7
{[%clk 01:12:00]} {[%emt 00:00:26]} 31. Nxd5 {[%clk 00:35:18]} {[%emt
00:01:01]} Qxg5 {[%clk 01:11:35]} {[%emt 00:00:55]} 32. Rxa8 {[%clk 00:33:07]}
{[%emt 00:02:41]} Rxa8 {[%clk 01:11:52]} {[%emt 00:00:13]} 33. Nc3 {[%clk
00:31:14]} {[%emt 00:02:21]} Qa5 {[%clk 01:11:52]} {[%emt 00:00:19]} 34. Kc1
{[%clk 00:30:40]} {[%emt 00:01:16]} Qa1+ {[%clk 01:12:01]} {[%emt 00:00:15]}
35. Qb1 {[%clk 00:30:38]} {[%emt 00:00:38]} Qxb1+ {[%clk 01:12:15]} {[%emt
00:00:17]} 36. Nxb1 {[%clk 00:30:50]} {[%emt 00:00:17]} Rc8+ {[%clk 01:12:41]}
{[%emt 00:00:05]} 37. Nc3 {[%clk 00:31:12]} {[%emt 00:00:07]} Nf6 {[%clk
01:12:24]} {[%emt 00:00:47]} 38. Kc2 {[%clk 00:31:15]} {[%emt 00:00:28]} Nd5
{[%clk 01:09:16]} {[%emt 00:03:38]} 1/2-1/2

[Event "DEM U10w 2021"]
[Site "Willingen GER"]
[Date "2021.08.28"]
[Round "10"]
[White "Tu, Audrey"]
[Black "Leicher, Anna"]
[Result "0-1"]
[Termination "normal"]
[Board "7"]
[WhiteElo "913"]
[BlackElo "1249"]
[WhiteClock "00:14:54"]
[BlackClock "00:42:50"]
[PlyCount "84"]
[WhiteFideId "34628568"]
[BlackFideId "34614966"]
[EventCountry "GER"]
[EventRounds "11"]
[EventType "swiss"]
[EventDate "2021.08.22"]

1. e4 {[%clk 01:15:56]} {[%emt 00:00:03]} e5 {[%clk 01:15:57]} {[%emt
00:00:04]} 2. Nf3 {[%clk 01:16:20]} {[%emt 00:00:06]} Nc6 {[%clk 01:16:23]}
{[%emt 00:00:04]} 3. Bc4 {[%clk 01:16:45]} {[%emt 00:00:05]} Bc5 {[%clk
01:16:47]} {[%emt 00:00:07]} 4. O-O {[%clk 01:17:10]} {[%emt 00:00:04]} Nf6
{[%clk 01:17:01]} {[%emt 00:00:16]} 5. d3 {[%clk 01:17:33]} {[%emt 00:00:07]}
h6 {[%clk 01:17:24]} {[%emt 00:00:07]} 6. c3 {[%clk 01:17:51]} {[%emt
00:00:11]} O-O {[%clk 01:17:34]} {[%emt 00:00:20]} 7. Re1 {[%clk 01:18:08]}
{[%emt 00:00:14]} d6 {[%clk 01:17:43]} {[%emt 00:00:21]} 8. Nbd2 {[%clk
01:18:29]} {[%emt 00:00:09]} Be6 {[%clk 01:17:29]} {[%emt 00:00:43]} 9. Bxe6
{[%clk 01:18:36]} {[%emt 00:00:23]} fxe6 {[%clk 01:17:50]} {[%emt 00:00:09]}
10. Qb3 {[%clk 01:18:39]} {[%emt 00:00:28]} Qc8 {[%clk 01:12:51]} {[%emt
00:05:28]} 11. Nf1 {[%clk 01:18:10]} {[%emt 00:00:59]} Ng4 {[%clk 01:12:48]}
{[%emt 00:00:34]} 12. Re2 {[%clk 01:18:23]} {[%emt 00:00:17]} Rb8 {[%clk
01:06:21]} {[%emt 00:06:57]} 13. a4 {[%clk 01:14:44]} {[%emt 00:04:09]} Qe8
{[%clk 01:05:02]} {[%emt 00:01:48]} 14. Ng3 {[%clk 01:14:35]} {[%emt 00:00:40]}
Kh8 {[%clk 01:02:23]} {[%emt 00:03:08]} 15. h3 {[%clk 01:13:35]} {[%emt
00:01:31]} Nf6 {[%clk 01:00:41]} {[%emt 00:02:11]} 16. Bd2 {[%clk 01:07:47]}
{[%emt 00:06:19]} Qg6 {[%clk 00:57:19]} {[%emt 00:03:52]} 17. Nh4 {[%clk
01:05:00]} {[%emt 00:03:17]} Qxg3 {[%clk 00:57:25]} {[%emt 00:00:23]} 18. Nf3
{[%clk 01:02:05]} {[%emt 00:03:26]} Qg6 {[%clk 00:56:41]} {[%emt 00:01:06]} 19.
Qxe6 {[%clk 01:00:27]} {[%emt 00:02:15]} Rbe8 {[%clk 00:55:48]} {[%emt
00:01:23]} 20. Qc4 {[%clk 00:58:11]} {[%emt 00:02:46]} Nd7 {[%clk 00:52:01]}
{[%emt 00:04:17]} 21. b4 {[%clk 00:56:46]} {[%emt 00:01:56]} Rxf3 {[%clk
00:49:14]} {[%emt 00:03:15]} 22. bxc5 {[%clk 00:53:53]} {[%emt 00:03:24]} Nxc5
{[%clk 00:48:14]} {[%emt 00:01:30]} 23. Kf1 {[%clk 00:52:02]} {[%emt 00:02:19]}
Rf6 {[%clk 00:47:46]} {[%emt 00:01:00]} 24. d4 {[%clk 00:49:04]} {[%emt
00:03:28]} Na5 {[%clk 00:47:39]} {[%emt 00:00:36]} 25. Qb5 {[%clk 00:48:12]}
{[%emt 00:01:23]} Nab3 {[%clk 00:47:43]} {[%emt 00:00:26]} 26. Rb1 {[%clk
00:45:42]} {[%emt 00:02:59]} Nxd2+ {[%clk 00:47:45]} {[%emt 00:00:28]} 27. Rxd2
{[%clk 00:46:04]} {[%emt 00:00:09]} Nxe4 {[%clk 00:48:01]} {[%emt 00:00:12]}
28. Rc2 {[%clk 00:44:28]} {[%emt 00:02:08]} c6 {[%clk 00:44:56]} {[%emt
00:03:35]} 29. Qxb7 {[%clk 00:43:51]} {[%emt 00:01:07]} Ng3+ {[%clk 00:45:12]}
{[%emt 00:00:13]} 30. Kg1 {[%clk 00:39:55]} {[%emt 00:04:27]} Qxc2 {[%emt
00:02:07]} 31. fxg3 {[%clk 00:37:43]} {[%emt 00:01:02]} exd4 {[%clk 00:44:36]}
{[%emt 00:01:08]} 32. g4 {[%clk 00:33:27]} {[%emt 00:04:46]} d3 {[%clk
00:44:33]} {[%emt 00:00:34]} 33. Kh2 {[%clk 00:26:32]} {[%emt 00:07:24]} d2
{[%clk 00:44:19]} {[%emt 00:00:44]} 34. Qxc6 {[%clk 00:19:15]} {[%emt
00:07:47]} Qxb1 {[%clk 00:44:22]} {[%emt 00:00:27]} 35. Qxe8+ {[%clk 00:19:38]}
{[%emt 00:00:07]} Kh7 {[%emt 00:06:53]} 36. Qa8 d1=Q {[%clk 00:42:50]} {[%emt
00:00:10]} 37. Qxa7 {[%clk 00:15:29]} {[%emt 00:00:39]} Qh1+ {[%clk 00:43:08]}
{[%emt 00:00:10]} 38. Kg3 {[%clk 00:15:54]} {[%emt 00:00:07]} Qd3+ {[%clk
00:43:23]} {[%emt 00:00:14]} 39. Kh4 {[%clk 00:16:03]} {[%emt 00:00:23]} Qxc3
{[%clk 00:42:39]} {[%emt 00:01:13]} 40. g5 {[%clk 00:14:20]} {[%emt 00:02:11]}
Rf4+ {[%clk 00:42:29]} {[%emt 00:00:41]} 41. Kh5 {[%clk 00:14:33]} {[%emt
00:00:18]} Qhxh3+ {[%clk 00:42:39]} {[%emt 00:00:17]} 42. gxh3 {[%clk
00:14:54]} {[%emt 00:00:12]} Qxh3# {[%clk 00:42:50]} {[%emt 00:00:19]} 0-1

[Event "DEM U10w 2021"]
[Site "Willingen GER"]
[Date "2021.08.28"]
[Round "10"]
[White "Mehner, Clara"]
[Black "Wilke, Ronja"]
[Result "0-1"]
[Termination "normal"]
[Board "8"]
[WhiteElo "1159"]
[BlackElo "823"]
[WhiteClock "00:27:57"]
[BlackClock "00:42:19"]
[PlyCount "90"]
[WhiteFideId "34612165"]
[BlackFideId "16288378"]
[EventCountry "GER"]
[EventRounds "11"]
[EventType "swiss"]
[EventDate "2021.08.22"]

1. e4 {[%clk 01:15:57]} {[%emt 00:00:03]} e5 {[%clk 01:15:56]} {[%emt
00:00:05]} 2. d4 {[%clk 01:16:15]} {[%emt 00:00:12]} d6 {[%clk 01:15:19]}
{[%emt 00:01:07]} 3. Nf3 {[%clk 01:16:06]} {[%emt 00:00:37]} exd4 {[%clk
01:14:25]} {[%emt 00:01:24]} 4. Nxd4 {[%clk 01:15:17]} {[%emt 00:01:20]} g6
{[%clk 01:12:36]} {[%emt 00:02:19]} 5. Bc4 {[%clk 01:13:46]} {[%emt 00:01:59]}
Bg7 {[%clk 01:12:50]} {[%emt 00:00:19]} 6. O-O {[%clk 01:12:12]} {[%emt
00:02:02]} Nf6 {[%clk 01:12:53]} {[%emt 00:00:29]} 7. Nc3 {[%clk 01:11:31]}
{[%emt 00:01:10]} O-O {[%clk 01:12:41]} {[%emt 00:00:43]} 8. Bg5 {[%clk
01:10:35]} {[%emt 00:01:22]} Re8 {[%clk 01:10:36]} {[%emt 00:02:37]} 9. h3
{[%clk 01:08:02]} {[%emt 00:03:02]} Qd7 {[%clk 01:09:20]} {[%emt 00:01:49]} 10.
Re1 {[%clk 01:06:28]} {[%emt 00:01:58]} Nxe4 {[%clk 01:08:58]} {[%emt
00:00:56]} 11. Rxe4 {[%clk 01:01:44]} {[%emt 00:05:16]} Rxe4 {[%clk 01:09:09]}
{[%emt 00:00:18]} 12. Nxe4 {[%clk 01:00:19]} {[%emt 00:01:56]} d5 {[%clk
01:05:49]} {[%emt 00:03:50]} 13. Nf6+ {[%clk 00:59:20]} {[%emt 00:01:26]} Bxf6
{[%clk 01:05:19]} {[%emt 00:01:01]} 14. Bxf6 {[%clk 00:59:29]} {[%emt
00:00:22]} dxc4 {[%clk 01:05:17]} {[%emt 00:00:32]} 15. Qd2 {[%clk 00:58:53]}
{[%emt 00:01:02]} Qd6 {[%clk 01:04:47]} {[%emt 00:01:04]} 16. Qg5 {[%clk
00:57:28]} {[%emt 00:01:48]} Nc6 {[%clk 01:04:16]} 17. Re1 {[%clk 00:57:28]}
Bd7 {[%clk 01:04:16]} 18. Nb5 {[%clk 00:57:28]} Qf8 {[%clk 01:04:16]} 19. Nxc7
{[%clk 00:52:15]} {[%emt 00:10:45]} Rc8 {[%clk 01:02:27]} {[%emt 00:00:25]} 20.
Nd5 {[%clk 00:50:44]} {[%emt 00:01:49]} Re8 {[%clk 01:01:45]} {[%emt 00:01:24]}
21. Rd1 {[%clk 00:49:18]} {[%emt 00:01:41]} h6 {[%clk 00:52:08]} {[%emt
00:10:21]} 22. Qh4 {[%clk 00:46:47]} {[%emt 00:02:59]} b5 {[%clk 00:45:27]}
{[%emt 00:07:15]} 23. Nc7 {[%clk 00:45:14]} {[%emt 00:02:01]} Re2 {[%clk
00:42:56]} {[%emt 00:03:01]} 24. Rxd7 {[%clk 00:43:59]} {[%emt 00:01:46]} Kh7
{[%clk 00:41:15]} {[%emt 00:02:11]} 25. Nxb5 {[%clk 00:40:21]} {[%emt
00:04:10]} Qb8 {[%clk 00:41:20]} {[%emt 00:00:23]} 26. Rxf7+ {[%clk 00:38:52]}
{[%emt 00:01:58]} Kg8 {[%clk 00:41:42]} {[%emt 00:00:09]} 27. Qxc4 {[%clk
00:38:19]} {[%emt 00:01:04]} Re1+ {[%clk 00:41:01]} {[%emt 00:01:11]} 28. Qf1
{[%clk 00:29:59]} {[%emt 00:08:49]} Rxf1+ {[%clk 00:41:23]} {[%emt 00:00:07]}
29. Kxf1 {[%clk 00:30:12]} {[%emt 00:00:18]} Qxb5+ {[%clk 00:41:40]} {[%emt
00:00:13]} 30. Kg1 {[%clk 00:30:13]} {[%emt 00:00:29]} Kxf7 {[%clk 00:41:51]}
{[%emt 00:00:18]} 31. Bc3 {[%clk 00:30:00]} {[%emt 00:00:43]} Qe2 {[%clk
00:42:04]} {[%emt 00:00:18]} 32. a3 {[%clk 00:29:27]} {[%emt 00:01:04]} Qd1+
{[%clk 00:42:15]} {[%emt 00:00:19]} 33. Kh2 {[%clk 00:29:46]} {[%emt 00:00:11]}
Qxc2 {[%clk 00:42:30]} {[%emt 00:00:13]} 34. f3 {[%clk 00:30:02]} {[%emt
00:00:15]} Nd8 {[%clk 00:42:16]} {[%emt 00:00:44]} 35. Bd4 {[%clk 00:30:01]}
{[%emt 00:00:28]} Qc7+ {[%clk 00:42:06]} {[%emt 00:00:43]} 36. Kg1 {[%clk
00:29:52]} {[%emt 00:00:39]} Qg3 {[%clk 00:41:52]} {[%emt 00:00:45]} 37. Kf1
{[%clk 00:28:54]} {[%emt 00:01:25]} Ne6 {[%clk 00:42:05]} {[%emt 00:00:20]} 38.
Bf2 {[%clk 00:28:42]} {[%emt 00:00:37]} Qh2 {[%clk 00:42:22]} {[%emt 00:00:18]}
39. Bxa7 {[%clk 00:28:56]} {[%emt 00:00:16]} Nf4 {[%clk 00:42:32]} {[%emt
00:00:19]} 40. Ke1 {[%clk 00:28:34]} {[%emt 00:00:51]} Qxg2 {[%clk 00:42:48]}
{[%emt 00:00:14]} 41. Kd1 {[%clk 00:28:46]} {[%emt 00:00:19]} Qxf3+ {[%clk
00:42:58]} {[%emt 00:00:18]} 42. Kc1 {[%clk 00:29:02]} {[%emt 00:00:15]} Qxh3
{[%clk 00:43:00]} {[%emt 00:00:28]} 43. Bb6 {[%clk 00:27:42]} {[%emt 00:01:51]}
g5 {[%clk 00:42:14]} {[%emt 00:01:17]} 44. Kc2 {[%clk 00:27:45]} {[%emt
00:00:24]} Qd3+ {[%clk 00:42:05]} {[%emt 00:00:41]} 45. Kc1 {[%clk 00:27:57]}
{[%emt 00:00:18]} Ne2# {[%clk 00:42:19]} {[%emt 00:00:17]} 0-1